Co lze očekávat od zákona o mzdě?

Komentár k návrhu zákonnej úpravy miezd v podnikovej sfére a rozpočtových a príspevkových organizáciách. Neprípustnosť doterajšej centralisticky chápanej mzdovej politiky. Vytvorenie zákonných záruk proti tlakom zamestnávateľov.

Gespeichert in:
Bibliographische Detailangaben
1. Verfasser: Motl, J.
Format: Buchkapitel
Sprache:Tschechisch
Schlagworte:
Tags: Tag hinzufügen
Keine Tags, Fügen Sie das erste Tag hinzu!

MARC

LEADER 00000naa a2200000 4500
001 r004883
005 20221125081000.4
041 0 |a cze 
044 |a [CS] 
245 1 0 |a Co lze očekávat od zákona o mzdě?  |c J. Motl 
520 |a Komentár k návrhu zákonnej úpravy miezd v podnikovej sfére a rozpočtových a príspevkových organizáciách. Neprípustnosť doterajšej centralisticky chápanej mzdovej politiky. Vytvorenie zákonných záruk proti tlakom zamestnávateľov. 
610 2 0 |a zákony 
610 2 0 |a mzdy 
610 2 0 |a podnik 
610 2 0 |a organizácie rozpočtové 
610 2 0 |a organizácie príspevkové 
610 2 0 |a politika mzdová 
610 2 0 |a ČSFR 
100 1 |a Motl, J.